000 00941cam a2200241 4500
008 050204n2004 000 0 eng u
020 _a0110508211
035 _a(Sirsi) u128707
041 _aeng
245 4 _aThe Stamp Duty Land Tax (Land Transaction Returns) Regulations 2004
260 _aLondon
_bHMSO
_c2004
490 _aSI
_v2004: 3208
520 _aAmend the Finance Act 2003 Sched. 10 relating to land transaction returns for stamp duty land tax. See Explanatory note for details of amendments. View at www.legislation.hmso.gov.uk.
650 _aSTAMP DUTY LAND TAX (LAND TRANSACTION RETURNS) REGULATIONS 2004
650 _aFINANCE ACT 2003
650 _aSTAMP DUTY LAND TAX
650 _aLAND TAX
650 _aPROPERTY TRANSACTIONS
650 _aSTAMP DUTY
690 _aTAXATION
856 _uhttps://www.legislation.hmso.gov.uk/si/si2004/20043208.htm
_zView the Regulations on the HMSO website...
942 _n0
999 _c103987
_d103987